Loading...
| Fine Arts - Visual Fine Arts | 4 | 6 | 0 | 0 | 120 | 26 | 90.70 | 6 | 10 |
| Literature - American Literature | 0 | 5 | 0 | 1 | 50 | 128 | 144.80 | 0 | 5 |
| Literature - British Literature | 1 | 2 | 0 | 0 | 35 | 43 | 92.67 | 1 | 3 |
| Philosophy | 0 | 3 | 0 | 0 | 30 | 124 | 141.00 | 1 | 3 |
| Fine Arts - Auditory Fine Arts | 0 | 3 | 0 | 1 | 30 | 141 | 146.33 | 1 | 3 |
| Other Academic | 0 | 3 | 0 | 0 | 30 | 95 | 108.00 | 0 | 3 |
| Literature - World Literature | 0 | 2 | 0 | 1 | 20 | 96 | 127.50 | 1 | 2 |
| Social Science | 0 | 1 | 0 | 1 | 10 | 140 | 140.00 | 1 | 1 |
| Literature - European Literature | 0 | 2 | 2 | 1 | 10 | 121 | 132.50 | 0 | 2 |
| Mythology | 0 | 1 | 0 | 0 | 10 | 96 | 96.00 | 1 | 1 |
| Science - Biology | 0 | 1 | 0 | 1 | 10 | 136 | 136.00 | 0 | 1 |
| Science - Chemistry | 0 | 1 | 0 | 0 | 10 | 95 | 95.00 | 1 | 1 |
| History - American History | 0 | 1 | 1 | 1 | 5 | 140 | 140.00 | 0 | 1 |
| Science - Physics | 0 | 0 | 0 | 0 | 0 | 0.00 | 0 | 0 | |
| Geography | 0 | 0 | 0 | 0 | 0 | 0.00 | 0 | 0 | |
| Science - Other Science | 0 | 0 | 0 | 0 | 0 | 0.00 | 0 | 0 | |
| Religion | 0 | 0 | 0 | 0 | 0 | 0.00 | 0 | 0 |